Statistiken für Kanadische Provinzen und Territorien - Ein-Minuten-Sprint

Klicken Sie hier um das Quiz zu spielen!

Allgemein

  • Dieses Quiz wurde 35 mal gespielt
  • Das Durchschnittsergebnis liegt bei 5 aus 13

Antworten auf der Karte

Die Antworten werden auf der Karte rot bzw. grün angezeigt, abhängig davon wie oft sie richtig erraten wurden.
 

Antwortstatistiken

Provinz / Territorium% Korrekt
Québec
72%
Ontario
66%
Alberta
59%
Yukon
48%
Manitoba
45%
British Columbia
41%
Nunavut
34%
Saskatchewan
24%
Nova Scotia
21%
Neufundland und Labrador
14%
New Brunswick
14%
Prince Edward Island
14%
Nordwest-Territorien
7%

Verteilung der Resultate

Perzentil nach korrekt beantworteten Fragen

Anzahl Personen mit jedem Resultat

Ihre Resultats-Entwicklung

Sie haben dieses Quiz noch nicht gespielt